|
|
|
|
| LEADER |
00000nam a2200000 i 4500 |
| 001 |
1/91421 |
| 008 |
991018s1999 eng d |
| 020 |
|
|
|a 0-8144-7996-0
|
| 035 |
|
|
|l 10053582
|
| 040 |
|
|
|a GR-MY-UA
|b gre
|e aacr
|
| 041 |
0 |
|
|a eng
|
| 100 |
0 |
|
|a Overly, Michael R.
|
| 245 |
1 |
0 |
|a E-policy :
|b how to develop computer, e-policy, and internet guidelines to protect your company and its assets /
|c Michael R. Overly
|
| 260 |
|
|
|a New York :
|b Amacon,
|c c1999
|
| 300 |
|
|
|a x, 146 p.
|
| 504 |
|
|
|a Includes index
|
| 650 |
0 |
0 |
|a Business enterprises
|x Computer networks
|x Security measures.
|
| 650 |
0 |
0 |
|a Computer security.
|
| 650 |
0 |
0 |
|a Electronic mail systems
|x Security measures
|x Data processing.
|
| 852 |
|
|
|a INST
|b CHIOS
|e 19991018
|h 658.478 OVE
|p 005200014152
|q 005200014152
|t BK
|y 0
|
| 901 |
|
|
|a BIBL2-1999-3
|
| 909 |
|
|
|a Χ
|b 068368
|
| 922 |
|
|
|a 2ΕΛΗ
|b 199910
|c ΤΝΕΥ
|d ΠΑΠΑΣΩΤΗΡΙΟΥ
|
| 950 |
|
|
|a 125-1999-07-15
|
| 970 |
|
|
|a ΣΠΕΝΤΖΑ
|b ΕΛΕΝΗ
|z 1999/10/19
|